| 000 | 02668nam a2200433 i 4500 | ||
|---|---|---|---|
| 001 | 195438 | ||
| 003 | ES-MaREB | ||
| 005 | 20250711063126.0 | ||
| 007 | ta | ||
| 008 | 240613s2024 sp ||| 000 0|spa c | ||
| 017 | _aB 3168-2024 | ||
| 020 | _a9788411002271 | ||
| 035 | _aES-VlRAB002108193 | ||
| 035 | _aES-MaREB01945761-8 | ||
| 040 |
_aRABEL _bspa _cES-MaACL |
||
| 080 | _a615.035 | ||
| 080 | _a338.45:615.12:17 | ||
| 080 | _a615.12:328.185 | ||
| 080 | _a614 | ||
| 100 | 0 |
_aLaporte, J. R. _970172 _eaut |
|
| 245 | 1 | 0 |
_aCrónica de una sociedad intoxicada / _cJoan-Ramon Laporte. |
| 250 | _a1ª ed. | ||
| 260 |
_aBarcelona : _bPenínsula, _c2024. |
||
| 300 |
_a638 p. ; _c22 cm. |
||
| 336 |
_aTexto (visual) _2isbdcontent] |
||
| 337 |
_asin mediación _2isbdmedia] |
||
| 338 |
_2rdacarrier _avolumen |
||
| 520 | _aUna crítica argumentada del consumo abusivo de medicamentos y de la industria que controla nuestra sanidad pública En España tres de cada diez personas toman pastillas para dormir o para la depresión; tres, omeprazol; y dos, para el colesterol. Solo en 2022, los médicos españoles expidieron más de mil millones de recetas. En los países ricos el consumo de medicamentos aumenta sin cesar y, sin embargo, no parece que mejore la salud de la ciudadanía. Al contrario: decenas de estudios muestran que más de la mitad de los fármacos son recetados de manera innecesaria y que los medicamentos de uso más común son una de las principales causas de enfermedad, incapacidad y muerte. Tras varias décadas dedicadas a la investigación y la docencia, el profesor Laporte repasa el origen, la investigación y desarrollo, la regulación, la prescripción y el consumo de medicamentos en la sociedad actual, y analiza los intereses y las prácticas de compañías farmacéuticas, legisladores, reguladores y profesionales sanitarios que han conducido a la situación actual. Un libro divulgativo que ahonda en nuestra relación con los fármacos y que aboga por acabar con el consumo acrítico que hacemos de ellos. | ||
| 650 | 7 |
_aIndustria farmacéutica- _9148580 _zEspaña |
|
| 650 | 4 |
_aSalud pública _916973 |
|
| 852 |
_aES-MaACL _cDEPOJ _jN-10002 _gDedicatoria autógrafa del autor _hDonación: Joan-Ramon Laporte _9203466 _xEncuadernación rústica con solapas |
||
| 903 |
_970172 _aLaporte, J. R. _ednr |
||
| 942 |
_n0 _cMONOGRAFIA |
||
| 999 |
_c195438 _d195438 |
||